Socialist register 2010: Morbid symptons:health under capitalism (Record no. 7189)
[ view plain ]
| 000 -LEADER | |
|---|---|
| fixed length control field | 00591nam a2200229Ia 4500 |
| 020 ## - INTERNATIONAL STANDARD BOOK NUMBER | |
| ISBN | 9788187496915 |
| 082 ## - DEWEY DECIMAL CLASSIFICATION NUMBER | |
| Classification number | 362.1 SOC- |
| 245 #0 - TITLE STATEMENT | |
| Title | Socialist register 2010: Morbid symptons:health under capitalism |
| 260 ## - PUBLICATION, DISTRIBUTION, ETC. (IMPRINT) | |
| Place of publication | New Delhi |
| Name of publisher | Leftword Books |
| Year of publication | 2009 |
| 300 ## - PHYSICAL DESCRIPTION | |
| Number of Pages | xiv, 325 |
| 440 ## - SERIES STATEMENT/ADDED ENTRY--TITLE | |
| Title | Social register: 2010 |
| 650 ## - SUBJECT ADDED ENTRY--TOPICAL TERM | |
| Topical Term | Health |
| 650 ## - SUBJECT ADDED ENTRY--TOPICAL TERM | |
| Topical Term | Wellness |
| 650 ## - SUBJECT ADDED ENTRY--TOPICAL TERM | |
| Topical Term | Medical corporations |
| 650 ## - SUBJECT ADDED ENTRY--TOPICAL TERM | |
| Topical Term | Medical economics |
| 650 ## - SUBJECT ADDED ENTRY--TOPICAL TERM | |
| Topical Term | Health planning |
| 650 ## - SUBJECT ADDED ENTRY--TOPICAL TERM | |
| Topical Term | Medical policy |
| 700 ## - ADDED ENTRY--PERSONAL NAME | |
| Personal name | Panitch, Leo |
| 700 ## - ADDED ENTRY--PERSONAL NAME | |
| Personal name | Leys, Colin |
| 700 ## - ADDED ENTRY--PERSONAL NAME | |
| Personal name | Chibber, Vivek |
| 942 ## - ADDED ENTRY ELEMENTS (KOHA) | |
| Koha item type | Books |
| Withdrawn status | Lost status | Damaged status | Not for loan | Home library | Current library | Date acquired | Source of acquisition | Bill Date | Full call number | Accession Number | Price effective from | Koha item type |
|---|---|---|---|---|---|---|---|---|---|---|---|---|
| NASSDOC Library | NASSDOC Library | 09/04/2010 | SAMS | 2010-03-26 | 362.1 SOC- | 46240 | 18/04/2019 | Books |
